[Event "ICS Rated bullet match"]
[Site "207.99.83.229"]
[Date "1999.06.28"]
[Round "?"]
[White "Hossa"]
[Black "Amateur"]
[Result "1/2-1/2"]
[WhiteElo "2461"]
[BlackElo "2447"]
[PlyCount "146"]

1. e4 e5 2. f4 exf4 3. Nf3 Nf6 4. e5 Nh5 5. d4 d6 6. g3 fxg3 7. Ng5 g6 8. Qf3
Qe7 9. Bc4 f5 10. Bf7+ Kd8 11. Bd5 g2 12. Qxg2 c6 13. Nf7+ Ke8 14. Bg5 Qc7 15.
Qe2 dxe5 16. Bd8 Nf4 17. Bxc7 Nxe2 18. Bxe5 Rg8 19. Bc4 Nc1 20. O-O b5 21. Nd6+
Bxd6 22. Bxg8 Ne2+ 23. Kh1 Bxe5 24. dxe5 Bb7 25. Kg2 Nd4 26. Na3 Kf8 27. Bxh7
Kg7 28. Bxg6 Kxg6 29. c3 Ne6 30. Rae1 Nd7 31. Kg3 Rg8 32. Kf2 Rh8 33. Kg1 f4
34. c4 Ng5 35. h4 Ne6 36. cxb5 Rxh4 37. Re2 cxb5 38. Nxb5 Rh1+ 39. Kf2 Rh2+ 40.
Ke1 Rxe2+ 41. Kxe2 Ba6 42. a4 Bxb5+ 43. axb5 Nxe5 44. Ra1 Nd4+ 45. Kf1 Kf5 46.
Rxa7 Nc4 47. Ra4 Nb3 48. Rb4 Ne3+ 49. Kg1 Nc5 50. b6 Nb7 51. Kf2 Ng4+ 52. Ke2
Ne5 53. Kf1 f3 54. Rd4 Ke6 55. Kf2 Nd6 56. b4 Ke7 57. Kf1 Ke6 58. Kg1 Nb7 59.
Kf2 Nd6 60. b5 Ke7 61. Rh4 Kd7 62. Rh7+ Kc8 63. Rc7+ Kb8 64. Re7 Nec4 65. b7
Nxb5 66. Kxf3 Nbd6 67. Kf2 Na5 68. Kf3 Nc6 69. Rg7 Nd4+ 70. Kf4 N4b5 71. Ke5
Ka7 72. Kd5 Nxb7 73. Rxb7+ 73... Kxb7 {
Game drawn because neither player has mating material} 1/2-1/2

[Event "ICS Rated standard match"]
[Site "207.99.83.229"]
[Date "1999.06.28"]
[Round "?"]
[White "SingleKnight"]
[Black "Hossa"]
[Result "0-1"]
[WhiteElo "1984"]
[BlackElo "2227"]
[PlyCount "41"]

1. e4 e5 2. Nf3 Nc6 3. c3 f5 4. exf5 e4 5. Nd4 Nxd4 6. cxd4 d5 7. g4 Qh4 8. d3
Nf6 9. h3 Bb4+ 10. Bd2 e3 11. Qf3 exd2+ 12. Nxd2 O-O 13. O-O-O Bd7 14. Kb1 Ba4
15. b3 Bb5 16. Rg1 Rae8 17. g5 Rf7 18. gxf6 Qxf6 19. Qxd5 c6 20. Qg2 Bxd2 21.
Rxd2 {SingleKnight resigns} 0-1

[Event "ICS rated bullet match"]
[Site "207.99.83.229"]
[Date "1999.06.28"]
[Round "?"]
[White "Amateur"]
[Black "Hossa"]
[Result "1-0"]
[WhiteElo "2448"]
[BlackElo "2460"]
[PlyCount "59"]

1. Nf3 Nf6 2. c4 c5 3. Nc3 e6 4. g3 d5 5. cxd5 exd5 6. d4 Nc6 7. Bg2 Be7 8.
dxc5 O-O 9. Be3 Ng4 10. Qxd5 Nxe3 11. fxe3 Qa5 12. O-O Bxc5 13. Nd4 Ne7 14. Qh5
Qb4 15. a3 Qc4 16. Nd5 Bd6 17. Nb5 Bc5 18. Rac1 Qb3 19. Rc3 Qxb2 20. Rxc5 Ng6
21. Be4 Re8 22. Ndc7 Rxe4 23. Qd5 Bh3 24. Qxf7+ Kh8 25. Nxa8 h6 26. Qxg6 Kg8
27. Rd5 Qxb5 28. Rd8+ Qe8 29. Rf7 b6 30. Qxg7# {Hossa checkmated} 1-0

[Event "ICS Rated blitz match"]
[Site "207.99.83.229"]
[Date "1999.06.28"]
[Round "?"]
[White "Masterchess"]
[Black "Hossa"]
[Result "1-0"]
[WhiteElo "2728"]
[BlackElo "2371"]
[PlyCount "50"]

1. d4 d6 2. Nc3 Bg4 3. h3 Bh5 4. Nf3 Nc6 5. d5 Ne5 6. Bf4 Nf6 7. Nxe5 dxe5 8.
Bxe5 Nd7 9. Qd4 Nxe5 10. Qxe5 Bg6 11. Nb5 Rc8 12. Nxa7 f6 13. Qf4 Rb8 14. Nb5
Rc8 15. O-O-O Qd7 16. e3 c6 17. Na7 Rd8 18. Bc4 Bh5 19. g4 g5 20. dxc6 Qxd1+
21. Rxd1 gxf4 22. c7 Ra8 23. Rd8+ Rxd8 24. Bb5+ Kf7 25. cxd8=Q 25... Bg6 {
Hossa resigns} 1-0

[Event "ICS Rated blitz match"]
[Site "207.99.83.229"]
[Date "1999.06.28"]
[Round "?"]
[White "SuperChicken"]
[Black "Hossa"]
[Result "1-0"]
[WhiteElo "2748"]
[BlackElo "2362"]
[PlyCount "176"]

1. d4 d5 2. c4 e6 3. Nc3 Nf6 4. Bg5 Be7 5. e3 O-O 6. Nf3 Nbd7 7. Rc1 h6 8. Bh4
Nb6 9. c5 Nbd7 10. Bd3 c6 11. O-O Qe8 12. Re1 b5 13. Qd2 a5 14. Qd1 b4 15. Na4
Ra7 16. Ne5 Bb7 17. Nb6 Nxe5 18. dxe5 Nd7 19. Bxe7 Qxe7 20. Nxd7 Qxd7 21. Bc2
Ba6 22. Qd4 Qe8 23. a3 bxa3 24. bxa3 f6 25. exf6 Rxf6 26. e4 Qh5 27. exd5 exd5
28. Re5 Qf7 29. Rce1 Ra8 30. Re7 Qf8 31. Bd1 Rb8 32. Bh5 g6 33. Bg4 Rb1 34. Qe5
Rxe1+ 35. Qxe1 Rxf2 36. Re8 Rf1+ 37. Qxf1 Qxe8 38. Qxa6 Qe3+ 39. Kf1 Qc1+ 40.
Ke2 Qb2+ 41. Kf3 Qxa3+ 42. Kf4 Qb4+ 43. Kg3 Qc3+ 44. Kh4 Qxc5 45. Kh3 Qa3+ 46.
g3 Qd6 47. Qxa5 h5 48. Bf3 Qd7+ 49. Kg2 Kf7 50. Qc5 Ke6 51. g4 h4 52. Qc2 Kf7
53. Qf2 Ke6 54. Qxh4 Qf7 55. Qe1+ Kd7 56. Qc3 Kd6 57. Qb4+ Ke6 58. g5 Qc7 59.
Qc3 Qd6 60. Qf6+ Kd7 61. Bg4+ Kc7 62. Qf7+ Kb6 63. h3 d4 64. Qf6 Kc5 65. Be6 d3
66. Qxg6 Qd4 67. Kf3 d2 68. Qc2+ Kb4 69. Qd1 Qd3+ 70. Kf4 c5 71. g6 c4 72. g7
Qd4+ 73. Kf5 Qxg7 74. Qxd2+ c3 75. Qd6+ Kb5 76. Qd5+ Kb6 77. Qb3+ Ka5 78. Ke4
Qg6+ 79. Kd4 c2 80. Qa3+ Kb6 81. Qd6+ Ka5 82. Qc7+ Ka4 83. Qa7+ Kb4 84. Qb6+
Ka4 85. Bd7+ Ka3 86. Qxg6 c1=R 87. Qd6+ Kb3 88. Be6+ 88... Ka4 {Hossa resigns}
1-0

[Event "ICS Rated Blitz match"]
[Site "131.246.89.4"]
[Date "1999.06.28"]
[Round "?"]
[White "Patzblitz"]
[Black "Hossa"]
[Result "0-1"]
[WhiteElo "1703"]
[BlackElo "1964"]
[Annotator "Fritz 5.32 (22s)"]
[PlyCount "30"]

1. d4 Nf6 2. Bf4 d5 3. h3 (3. e3 e6 4. Nf3 c6 5. Bd3 b6 6. O-O Be7 7. Nbd2 Nbd7
8. h3 c5 9. c3 O-O 10. Ne5 Bb7 11. Ndf3 Nxe5 12. Nxe5 c4 13. Bc2 b5 14. Qf3 Ne8
15. Qe2 a5 16. g4 b4 17. Kh2 17... f6 {Popp,T-Petkov,P/IECG 1997/0-1 (29)})
3... e6 $146 (3... Bf5 4. Nf3 e6 5. Nbd2 Be7 6. e3 O-O 7. Be2 Nbd7 8. O-O c5 9.
c3 Qb6 10. Qc1 Rac8 11. Ne5 Nxe5 12. Bxe5 Ne4 13. Nxe4 dxe4 14. Rd1 Rfd8 15.
dxc5 Bxc5 16. Bd4 Bxd4 17. Rxd4 e5 18. Rxd8+ {
Schenk,A-Schulz,T/Osnabrueck 1994/ - (37)}) 4. Be5 Nbd7 5. Nf3 $15 (5. e3 5...
c5 $11) 5... Be7 6. e3 Nxe5 7. dxe5 (7. Nxe5 7... O-O $11) 7... Nd7 8. Bd3 $15
(8. Be2 8... O-O $15) 8... f6 {Sichert g5} 9. exf6 Bxf6 10. Nd4 (10. Nc3 10...
O-O $11) 10... Ne5 (10... Nc5 11. Be2 $15) 11. Nf3 $2 $19 (11. Nc3 $15 $142 {
und Weiss spielt mit}) 11... Nxf3+ (11... Nxd3+ $6 {ist wenig wert} 12. Qxd3 c6
13. Nc3 $15) 12. Qxf3 $4 {ein Fehler in schlechter Stellung} (12. gxf3 Bxb2 13.
Nd2 Bxa1 14. Qxa1 $19) 12... Bxb2 13. Qh5+ g6 14. Bxg6+ (14. Qh6 {
hilft allerdings auch nicht} 14... Bxa1 15. O-O 15... Bf6 $19) 14... hxg6 15.
Qxg6+ Kd7 (15... Kd7 16. c4 Bxa1 17. cxd5 exd5 18. Qf7+ 18... Kd6 $19) 0-1

[Event "ICS Rated bullet match"]
[Site "207.99.83.229"]
[Date "1999.06.28"]
[Round "?"]
[White "Hossa"]
[Black "Amateur"]
[Result "1-0"]
[WhiteElo "2443"]
[BlackElo "2465"]
[Annotator "Fritz 5.32 (22s)"]
[PlyCount "245"]

1. e4 c5 2. c3 Nf6 3. e5 Nd5 4. Nf3 Nc6 5. Bc4 Nb6 6. Bb3 c4 7. Bc2 g6 (7...
Qc7 8. Qe2 g5 9. e6 dxe6 10. Nxg5 Qe5 11. d4 cxd3 12. Bxd3 Qxe2+ 13. Bxe2 h6
14. Ne4 e5 15. Na3 Bf5 16. Ng3 Bg6 17. Nc4 Nd5 18. O-O O-O-O 19. Re1 h5 20. h4
e6 21. Bf3 f6 22. a4 {
Adams,M-Svidler,P/FIDE WCh KO, Groningen NED (4.3) 1997/0-1 (86)}) 8. O-O Bg7
9. d4 $146 (9. Re1 d6 10. exd6 Qxd6 11. Na3 (11. d4 cxd3 12. Qxd3 Qc7 13. Na3
a6 14. Nc4 O-O 15. Nxb6 Qxb6 16. Qc4 Qa5 17. Bg5 e5 18. Qh4 f6 19. Bb3+ Kh8 20.
Bh6 Bf5 21. g4 g5 22. Bxg7+ Kxg7 23. Qg3 Bg6 24. h4 h6 25. Nd2 25... Rad8 {
Sergey,D-Vojtech,S/Mlada Boleslav (Czechoslovaki 1994/1-0 (37)}) 11... O-O 12.
b3 Be6 13. Ng5 Bd5 14. Qg4 cxb3 15. axb3 h6 16. Ne4 Qd7 17. Qxd7 Nxd7 18. d4 f5
19. Ng3 e5 20. dxe5 Ndxe5 21. Nb5 Rfd8 22. Bf4 a6 23. Nc7 Rac8 24. Nxd5 Rxd5
25. Rad1 Rcd8 26. Rxd5 Rxd5 27. Rd1 Ra5 28. h4 h5 29. Ne2 Ra2 30. Rc1 Bf8 31.
b4 Rb2 32. Kf1 Nc4 33. Bg5 N6e5 34. Nf4 Kf7 35. Nd3 Nxd3 36. Bxd3 Ne5 37. Be2
Be7 38. Bf4 Bf6 39. Rd1 Rc2 40. g3 Ke6 41. c4 Rb2 42. b5 a5 43. c5 a4 44. Rd6+
Ke7 45. Rb6 a3 46. Rxb7+ Ke6 47. Rb6+ Ke7 48. Rb7+ Ke6 49. Rb6+ {
- Nunn,J-Kramnik,V/Monaco Amber blind 1994 (49)}) 9... cxd3 10. Bxd3 Nxe5 11.
Nxe5 Bxe5 12. Bh6 Qc7 13. f4 Bd6 14. Qf3 Na4 15. b4 a5 16. b5 f6 17. Be2 Bc5+
18. Kh1 d6 19. Qe4 Nb6 20. Bf3 d5 21. Qe2 Qd6 22. Bg7 Rg8 23. Bh6 Bf5 24. Nd2
Na4 25. Nb3 Nxc3 26. Qe1 Nxb5 27. Nxc5 Qxc5 28. Rc1 Qd6 29. Qd2 Be4 30. Be2 Na3
31. Bg4 Nc4 32. Qc3 e5 33. Rfe1 b5 34. Rcd1 Qb6 35. Qh3 f5 36. Be2 exf4 37.
Bxf4 Rg7 38. Bh6 Rd7 39. a4 Re7 40. Bg5 Rb7 41. Rxd5 Bxd5 42. Bxc4+ Be4 43.
Bxb5+ Kf8 44. Qc3 Rg7 45. Bh6 Qb7 46. Bc4 Qe7 47. Bd5 Rd8 48. Bxe4 fxe4 49.
Bxg7+ Qxg7 50. Qxa5 Rd4 51. Qa8+ Kf7 52. a5 Qf6 53. Qb7+ Ke6 54. Rxe4+ Rxe4 55.
Qxe4+ Kd6 56. Qb4+ Kc7 57. h4 Qa1+ 58. Kh2 Qe5+ 59. Kg1 g5 60. hxg5 Qxg5 61.
Qb6+ Kd7 62. Qb7+ Kd6 63. Qxh7 Qc5+ 64. Kh2 Qxa5 65. Qd3+ Ke5 66. Qe3+ Kf5 67.
Qf3+ Kg5 68. Qg3+ Kf5 69. Qh3+ Kg5 70. Qd3 Qa4 71. Qd8+ Kf5 72. Qd5+ Kf4 73.
g3+ Kg4 74. Qg8+ Kf3 75. Qf7+ Ke3 76. Qe6+ Kf3 77. Qf5+ Ke3 78. Kh3 Qc6 79. Kg4
Qe8 80. Qf4+ Kd3 81. Qf3+ Kc4 82. Qf1+ Kd4 83. Qd1+ Kc3 84. Qc1+ 84... Kd4 $18
(84... Kd3 85. Qc5 $16) 85. Qd2+ Kc4 86. Qc2+ $16 (86. Qd6 86... Kc3 $18) 86...
Kd4 87. Qb2+ Kc5 88. Qc3+ Kd5 89. Qa5+ Kd4 90. Qb4+ Kd3 91. Qb3+ Kd4 92. Qc2 (
92. Qb6+ 92... Kd5 $16) 92... Qg8+ 93. Kh3 Qh8+ 94. Kg2 Qa8+ 95. Kh2 Qh8+ 96.
Kg1 Qh5 97. Qa4+ Kd3 98. Kg2 $11 (98. g4 Qg5 99. Qd1+ Ke4 100. Kg2 $14) 98...
Qe2+ 99. Kh3 99... Qh5+ $16 (99... Qf1+ $5 $142 {bedarf naeherer Analyse} 100.
Kg4 Qe2+ 101. Kf5 Qh5+ 102. Kf4 Qh6+ 103. Kg4 Qe6+ 104. Kg5 Qe5+ 105. Kh6 Qf6+
106. Kh5 Qf5+ 107. Kh4 Qf6+ 108. Kg4 Qe6+ 109. Kf3 Qe3+ 110. Kg4 110... Qe6+
$11) 100. Qh4 100... Qf3 $18 (100... Qf5+ 101. Qg4 Qf7 102. Qd1+ Ke4 103. Qe1+
Kd4 104. Qd2+ Ke4 105. Qc2+ Ke5 106. Qc3+ Ke4 107. g4 $16) 101. Qd8+ Kc3 102.
Qa5+ 102... Kd4 $4 {schlecht aber verstaendlich} (102... Kc4 $18 $142) 103.
Qb4+ Ke5 104. Qe7+ Kd4 105. Qd6+ Ke3 (105... Qd5 {hilft allerdings auch nicht}
106. Qxd5+ Kxd5 107. Kh4 $18) 106. Qa3+ 106... Ke4 {Droht Matt: Qxa3} 107.
Qxf3+ Kxf3 108. g4 Kf4 109. Kh4 Ke4 110. g5 Ke5 111. Kh5 Kf5 112. g6 Kf6 113.
Kh6 Ke6 114. g7 Kf7 115. Kh7 {Es droht Matt} 115... Ke6 116. g8=Q+ Ke5 (116...
Kf5 {kann das Vorangegangene nicht ungeschehen machen} 117. Qd5+ Kf4 118. Qd3
Ke5 119. Kg6 Kf4 120. Qe2 Kg3 121. Kg5 Kh3 122. Kf4 Kh4 123. Qg4#) 117. Qc4 Kd6
118. Qb5 Ke7 (118... Ke6 {macht keinen grossen Unterschied} 119. Qc5 Kf6 120.
Qd5 Ke7 121. Kg6 Ke8 122. Kf6 Kf8 123. Qf7#) 119. Qd5 (119. Qc6 Kd8 120. Kg6
Ke7 121. Qd5 Ke8 122. Kf6 Kf8 123. Qf7#) 119... Kf6 120. Qe4 Kf7 121. Qe5 Kf8
122. Kg6 Kg8 123. Qe8# (123. Qg7#) 1-0

[Event "ICS Rated blitz match"]
[Site "207.99.83.229"]
[Date "1999.06.28"]
[Round "?"]
[White "Hossa"]
[Black "BabyGirl"]
[Result "1-0"]
[WhiteElo "2349"]
[BlackElo "2358"]
[Annotator "Fritz 5.32 (22s)"]
[PlyCount "115"]

1. e4 c6 2. d4 d5 3. exd5 cxd5 4. Nf3 Nf6 5. Bd3 Nc6 6. O-O Bg4 7. c3 e6 8.
Nbd2 Bd6 9. h3 (9. Re1 Qc7 10. Nf1 O-O 11. Bg5 Nd7 12. Ne3 Bxf3 13. Qxf3 f6 14.
Qh3 f5 15. g4 h6 16. gxf5 exf5 17. Nxd5 Bxh2+ 18. Kh1 Qd6 19. Bc4 Kh7 20. Ne7
Bf4 21. Re6 Qc7 22. Rxh6+ {
1-0 Sanchez Castillo,S-Marchadour,C/Calicut IND 1998 (22)}) 9... Bh5 10. Qb3 (
10. b4 O-O 11. Qb3 Rc8 12. Re1 Qc7 13. Bb2 Rfe8 14. b5 Na5 15. Qa4 Bf4 16. Qc2
Bg6 17. Bxg6 hxg6 18. Ba3 Nc4 19. Bb4 Qb6 20. Nxc4 Rxc4 21. a4 Rec8 22. Qd3 Ne4
23. Rxe4 dxe4 24. Qxe4 24... Qc7 {
Kveliashvili,T-Ismailova,P/EuYouth U16 Girls, Tallinn EST 1997/0-1 (36)}) 10...
Qc7 11. Ne5 $17 (11. Qa4 O-O 12. Re1 a6 13. Qd1 Ne7 14. Nf1 Rac8 15. Bg5 Bg6
16. Ne5 Bxd3 17. Qxd3 Ne4 18. Bxe7 Bxe7 19. Nd2 Nf6 20. Rac1 Nd7 21. f4 Nxe5
22. fxe5 Bg5 23. Rc2 Bxd2 24. Rxd2 b5 25. Rc1 Qc4 26. b3 Qxd3 27. Rxd3 Rc7 28.
Kf2 Rfc8 29. Ke2 Kf8 30. Rc2 Ke7 31. Rg3 g6 32. Rf3 Ke8 33. Kd3 Ke7 34. Rf1 Kd8
35. Rfc1 Kd7 36. c4 dxc4+ 37. bxc4 bxc4+ 38. Rxc4 Rxc4 39. Rxc4 Rxc4 40. Kxc4
Kc6 41. h4 h6 42. g4 g5 43. h5 Kd7 44. Kc5 Kc7 45. a4 Kb7 46. Kd6 Kb6 47. Ke7
Ka5 48. Kxf7 Kxa4 49. Kxe6 Kb3 50. d5 {
1-0 Pelt,A-Wagner,G/RLPF-op Hauenstein 1991 (50)}) (11. Re1 $5 $15) 11... Nxe5
12. dxe5 Bxe5 13. Qa3 (13. f4 13... Bd6 $17) 13... Bd6 14. Qa4+ Ke7 15. Kh1
Rhc8 16. Nb3 16... Ne4 $15 (16... Bg6 $5 $142 17. Be2 17... Nd7 $17) 17. Bxe4
dxe4 18. Qxe4 Bg6 19. Qd4 Kf8 20. Bg5 f6 21. Bxf6 $17 (21. Rad1 $5 $142 {
steht zur Diskussion} 21... Rd8 22. Be3 $11) 21... gxf6 22. Qxf6+ Qf7 23. Qh8+
Ke7 24. Qd4 24... Qf4 {Droht Matt: Qh2} 25. Qxf4 Bxf4 26. Rfe1 Rc4 (26... Rc6
27. g3 Bc7 28. Nd4 $17) 27. Nd4 e5 28. Rad1 Rd8 29. Nb5 $19 (29. g3 Kf6 30. Nb5
Rxd1 31. Rxd1 31... Bh6 $17) 29... Rxd1 {Mit der Mattdrohung Rxe1} 30. Rxd1 Ra4
(30... a6 31. Na3 Re4 32. Kg1 $19) 31. a3 Bc2 32. Re1 32... Bd3 {
Will e4 spielen} 33. Nd4 e4 34. Nb3 Kd6 35. Rd1 Kc6 36. Nd4+ Kd7 37. Nb3 Bd6
38. f3 $19 (38. Nc1 Bc2 39. Rd2 39... Bb1 $17) 38... Ke7 $17 (38... Bc2 39.
Nc5+ Ke7 40. Rxd6 Kxd6 41. Nxa4 $19) 39. Nd4 Kf6 40. Nb3 Ke6 41. Nc1 Bb5 42.
Re1 $19 (42. Nb3 exf3 43. gxf3 43... Ba6 $17) 42... Kf6 43. Nb3 (43. fxe4 43...
Ke5 $17) 43... exf3 44. gxf3 Rh4 45. Kg2 Bd7 46. Rh1 b6 47. Nd4 Be5 48. Nc2 Be6
49. Nb4 Bf4 50. Nd3 Be3 (50... Kg5 51. Nf2 $19) 51. Kg3 (51. Re1 51... Bg5 $19
(51... Bxh3+ $6 52. Kg3 Bg5 53. f4 $11)) 51... Rh6 52. Re1 Bd2 (52... Rxh3+ {
bringt nichts} 53. Kg2 $14) 53. Rh1 a6 54. Rh2 (54. h4 54... Bc4 $19) 54... Be3
55. Re2 Bg5 (55... Rxh3+ $6 {ist klar schwaecher} 56. Kg2 $11) 56. Rh2 Bc4 57.
Nf2 (57. Nf4 Ke5 58. Ng2 58... Bc1 $19) 57... Kf5 58. Ng4 (58. Ng4 Bh4+ 59. Kg2
$19) (58. Rh1 {kann das Vorangegangene nicht ungeschehen machen} 58... Bf4+ 59.
Kg2 Rg6+ 60. Ng4 60... h5 $19) 1-0

[Event "ICS Rated blitz match"]
[Site "207.99.83.229"]
[Date "1999.06.28"]
[Round "?"]
[White "egya"]
[Black "Hossa"]
[Result "0-1"]
[WhiteElo "2004"]
[BlackElo "2365"]
[Annotator "Fritz 5.32 (22s)"]
[PlyCount "60"]

1. b3 e5 2. Bb2 Nc6 3. e3 d5 4. Bb5 Qg5 5. Nf3 Qxg2 6. Rg1 Qh3 7. Rg3 Qh6 8.
Nxe5 Nge7 9. Ng4 $146 (9. Qf3 f6 10. Nd3 a6 11. Bxc6+ bxc6 12. Nc3 Nf5 13. Rh3
Nh4 14. Qg3 Bxh3 15. Qxh3 f5 16. O-O-O Be7 17. Rg1 Rg8 18. Ne5 Qe6 19. Ne2 g5
20. f3 Bf6 21. d4 O-O-O 22. e4 dxe4 23. fxe4 23... g4 {
Munoz Muriel,M-Lidon,E/ESP-tt A, Oropesa del Mar ESP 1996/0-1 (61)}) 9... Qe6
10. f4 Nf5 11. Rg2 Bd7 12. Bxc6 (12. Bd3 12... O-O-O $11) 12... Bxc6 ({
Weniger gut ist} 12... bxc6 13. Ne5 $11) 13. Ne5 O-O-O 14. Nxc6 Qxc6 15. Qg4
$17 {Wird g7 fallen?} (15. Kf1 $5 $15) 15... Qxc2 16. Nc3 16... Rd7 $17 (16...
h5 17. Qh3 d4 18. exd4 Re8+ 19. Kf1 $17) 17. d4 $19 (17. Nd1 $5 $17 $142) 17...
Nxe3 18. Rxc2 Nxg4 (18... Nxc2+ {ist naheliegend und schlecht} 19. Kf2 Nxa1 20.
Bxa1 $14) 19. Re2 Bd6 (19... c6 $5 20. h3 Nf6 21. Kd2 $19) 20. O-O-O $2 (20.
Nxd5 $142 20... c6 21. h3 $19) 20... Bxf4+ 21. Kb1 Bxh2 22. Rh1 Bf4 23. Rh4 (
23. Bc1 {hilft auch nicht mehr} 23... Bxc1 24. Kxc1 24... h5 $19) 23... f5 24.
Re6 g5 25. Rh1 (25. Rh5 {aendert nichts mehr} 25... c6 $19) 25... h5 26. Rhe1 (
26. Ne2 {holt die Kuh nicht vom Eis} 26... Be3 27. Ng3 f4 28. Rxh5 Rxh5 (28...
fxg3 29. Rxh8+ Rd8 30. Rxe3 Nxe3 31. Rh5 $19) 29. Re8+ Rd8 30. Rxd8+ Kxd8 31.
Nxh5 31... f3 $19) 26... Bd2 27. R1e2 (27. Re8+ {hilft allerdings auch nicht}
27... Rd8 28. Rxh8 28... Rxh8 $19) 27... Bxc3 28. Bxc3 Rg7 (28... h4 {
waere im Gewinnsinne praeziser} 29. Bd2 f4 30. Rg2 $19) 29. Be1 (29. Kc2 {
nuetzt auch nichts mehr} 29... h4 $19) 29... Kd7 30. Bg3 (30. Bb4 {
ist vielleicht noch ein Schwindelversuch} 30... Rhh7 31. Re1 $19) 30... c6 (
30... c6 31. Rd6+ 31... Kc8 $19) (30... f4 $142 {liesse Weiss keine Chance} 31.
Be1 f3 32. R2e5 $19) 0-1

[Event "ICS Rated bullet match"]
[Site "207.99.83.229"]
[Date "1999.06.28"]
[Round "?"]
[White "JSBach"]
[Black "Hossa"]
[Result "0-1"]
[WhiteElo "1973"]
[BlackElo "2460"]
[Annotator "Fritz 5.32 (22s)"]
[PlyCount "62"]

1. e4 c5 2. Bc4 e6 3. d4 $15 (3. Nc3 Nc6 4. Nf3 Nf6 5. e5 Ng4 6. Qe2 Qc7 7. Nb5
Qb8 8. d3 a6 9. Nc3 Ngxe5 10. Nxe5 Qxe5 11. Qxe5 Nxe5 12. Bb3 d5 13. f4 Nc6 14.
a4 Nd4 15. Ne2 Nxe2 16. Kxe2 Bd6 17. Bd2 17... O-O {
Babikur,M-Abdulghafour,Y/Arab-ch8 Doha 1993/0-1 (53)}) (3. Qe2 Qg5 4. g3 4...
Nc6 $14) 3... d5 4. exd5 exd5 5. Bb5+ Bd7 6. Bxd7+ Nxd7 7. dxc5 7... Bxc5 $14 (
7... Nxc5 8. Nf3 $11) 8. Qxd5 Qb6 9. Nh3 Ngf6 10. Qc4 O-O 11. O-O {
Weiss hat Entwicklungsnachteil.} 11... Rae8 12. Rd1 (12. Nc3 12... Re7 $14)
12... Ne5 13. Qf4 $11 (13. Qf1 $5 $14 {ist vielleicht staerker}) 13... Neg4 {
Alles auf f2!} 14. Nc3 Bd6 15. Qc4 (15. Qxd6 $4 {
den Laeufer zu nehmen, verliert} 15... Qxd6 16. Bf4 16... Qb6 $19) 15... Bxh2+
({Nicht} 15... Nxh2 16. Be3 Rxe3 17. Na4 $14 (17. fxe3 Nhg4 (17... Qxe3+ $143
18. Kh1 Bb8 19. Re1 $14) 18. Rd3 18... Qxb2 $17)) 16. Kf1 Ne5 (16... Rd8 17.
Rb1 $15) 17. Qb5 Qe6 18. Bg5 ({Schwaecher ist} 18. Qxb7 18... Qc4+ 19. Ne2
19... Nc6 $19 (19... Qxc2 $6 20. Qb3 Qxb3 21. axb3 $11)) 18... Nfg4 19. Nd5
19... Qf5 $4 $18 (19... Qc6 $142 {ist gerade noch spielbar} 20. Qxc6 20... Nxc6
$14) 20. Ne7+ $17 (20. Qxe8 $1 $142 {und Schwarz kann direkt aufgeben} 20...
Qxf2+ $5 21. Nxf2 Rxe8 22. Nxg4 Nxg4 23. Rd4 $18) 20... Rxe7 21. Bxe7 Ne3+ 22.
Ke2 Nxd1 23. Kxd1 $19 (23. Rxd1 $5 $142 23... Qxc2+ 24. Ke1 $17) 23... Rc8 24.
Qa4 $2 (24. Ke2 $19 $142) 24... Qe6 25. Qxa7 Qd5+ ({Schlechter ist} 25... Qxe7
26. Qe3 Qd7+ 27. Ke1 $19) 26. Kc1 (26. Ke1 $19 {
lenkt den Gegner vielleicht noch ab}) 26... Qxg2 (26... Nd3+ 27. Kd2 Nf4+ 28.
Ke1 Qe4+ 29. Qe3 Nxg2+ 30. Kf1 Nxe3+ 31. fxe3 Qf3+ 32. Nf2 Bg3 33. Kg1 Qxf2+
34. Kh1 Qh2#) 27. b3 (27. Qd4 {sonst gehen die Lichter sofort aus} 27... Qf1+
28. Qd1 Nd3+ 29. Kd2 Qxh3 30. Bg5 $19 (30. cxd3 $4 {
Weiss kann den Springer nicht schlagen} 30... Bf4+ 31. Ke2 31... Re8 $19))
27... Qxh3 {Droht Matt} 28. Qxb7 {Weiss droht, mit Kb1 kontern} 28... Nd3+ 29.
Kd2 Bf4+ 30. Ke2 Rxc2+ 31. Kd1 Rd2# 0-1

[Event "ICS Rated blitz match"]
[Site "207.99.83.229"]
[Date "1999.06.28"]
[Round "?"]
[White "Hossa"]
[Black "Beadle"]
[Result "0-1"]
[WhiteElo "2364"]
[BlackElo "2587"]
[Annotator "Fritz 5.32 (22s)"]
[PlyCount "131"]

1. e4 Nf6 2. e5 Nd5 3. d4 d6 4. c4 Nb6 5. f4 dxe5 6. fxe5 Nc6 7. Be3 Bf5 8. Nf3
e6 9. Nc3 Bb4 10. Be2 Na5 11. Rc1 $15 (11. O-O Nbxc4 12. Bxc4 Nxc4 13. Qa4+ Qd7
14. Qxb4 Nxe3 15. Qxb7 O-O 16. Rf2 Bd3 17. Qb3 Rab8 18. Qa4 c6 19. Rc1 Rb6 20.
Rd2 Bg6 21. b3 Bh5 22. Ng5 Rfb8 23. Nge4 Rb4 24. Nc5 Qd8 25. Qxa7 25... Ra8 {
Virnik,E-Bjerring,K/Berliner Sommer 1995/1-0 (45)} (25... Ra8 26. Qd7 Qxd7 27.
Nxd7 Rd8 28. Nc5 Rbxd4 29. Rxd4 Rxd4 30. h3 Rd2 31. g4 Bg6 32. N5e4 Rg2+ 33.
Kh1 Bxe4 34. Nxe4 Rxa2 35. Rxc6 h6 36. Nd6 Rf2 37. b4 h5 38. gxh5 Nd5 39. b5
Kh7 40. b6 Nxb6 41. Rxb6 Kh6 42. Rb7 f6 43. Re7 Re2 44. Nf5+ Kxh5 45. Ng3+ {
1-0 Virnik,E-Bjerring,K/Berliner Sommer 1995 (45)})) (11. c5 Nd5 12. Bd2 12...
Nc6 $14) 11... Naxc4 12. Bxc4 $17 (12. Bf2 12... Na5 $15) 12... Nxc4 13. Qa4+
Qd7 14. Qxb4 Nxe3 15. Kf2 Ng4+ 16. Kg3 c6 17. h3 Ne3 18. Kf2 18... Nc2 $15 (
18... Nd5 $5 19. Nxd5 19... exd5 $17 (19... Qxd5 20. Qxb7 O-O 21. Qa6 $11 (21.
Rxc6 $143 21... Rab8 (21... Qxa2 $6 22. Rhc1 Qd5 23. R1c5 $11) 22. Qa6 Rxb2+
23. Kg3 23... Be4 $17))) 19. Qc5 $17 (19. Qc4 $5 $15) 19... b6 $15 (19... Qe7
20. Rhd1 Qxc5 21. dxc5 $15) 20. Qc4 20... b5 $11 (20... a5 21. a3 $15) 21. Qc5
{Weiss verhindert die kurze Rochade} 21... Rc8 22. Rhd1 $17 (22. Ne2 $5 {
kam sehr in Betracht} 22... Qd5 23. Rxc2 Bxc2 24. Qxc2 Qxa2 25. Rc1 $11) 22...
Qe7 23. Qxe7+ Kxe7 24. a3 {Staerkt b4} 24... h5 25. Rd2 b4 26. axb4 Nxb4 27.
Kg1 Nd5 (27... Nd3 28. Rcd1 Rb8 29. Ra1 $17) 28. Ne2 h4 29. Ra1 Rc7 30. b3 Be4
31. Ng5 {Der Springer plant Sf3-g5-e4-c5} 31... Bg6 32. Rda2 Bh5 33. Nc1 f6 34.
Ne4 Ra8 35. Nc5 {Schoenes Feld c5!} 35... Bg6 36. Rf2 Bf5 37. Ne2 Rd8 38. Re1
$17 (38. Rf3 fxe5 39. dxe5 39... Nb4 $15) 38... fxe5 {
Schwarz erhaelt starke Initiative} 39. dxe5 $17 (39. g4 hxg3 40. Nxg3 Bxh3 41.
Rxe5 41... Rh8 $17) 39... Nb4 40. Rf4 Nc2 41. Rc1 Rd2 42. Kf2 $19 (42. Nc3 $5
$17 $142) 42... g5 43. Rf3 (43. Rc4 Rc8 44. Ra4 44... Ra8 $19) 43... Ke8 44. g4
(44. Kf1 44... Rf7 $19) 44... hxg3+ 45. Rxg3 Rf7 46. Rxg5 Bh7+ 47. Kg1 Rxe2 48.
Nxe6 Ke7 49. Nc5 Nd4 50. Rd1 Nf3+ 51. Kf1 51... Rxe5 {Droht entscheidend Nd4}
52. Rd7+ 52... Ke8 {Mit der Mattdrohung Nd2} 53. Rxe5+ Nxe5+ 54. Rxf7 Kxf7 55.
Kg2 (55. Kf2 {nuetzt auch nichts mehr} 55... Kg6 $19) 55... Ke7 56. Kg3 Kd6 57.
b4 Kd5 58. Na6 Bd3 59. Nc7+ Kc4 60. Kf4 Ng6+ 61. Kg5 Kxb4 62. h4 a5 63. h5
63... Nf8 {Mit der Idee a4} 64. Kf4 a4 65. Ke3 Kc3 66. Kf4 0-1